00544nam a2200193 a 4500001001000000003000900010005001700019007000300036008004100039040002500080082001900105100006400124245004600188250001100234260003600245300002100281490002400302830002400326000013342DO-SdBNP20240301141636.0ta091123s1974 dr 000 0 spa d aDO-SdBNPbspacBNPHU axxxbM896c2221 a Moscoso Puello, F. E., q (Francisco Eujenio)d1885-195910aCartas a Evelina /cF. E. Moscoso Puello. a2a ed. aSanto Domingo :bCosmos,c1974. a224 p. ;c20 cm.1 aEspacio histórico 0aEspacio histórico